000 00232nam a22001217a 4500
022 _a978-81-7582-132-3
082 _a425
_bBOO/P
245 _aPHONICS
260 _aINDIA
300 _a82
650 _aVOCABULARY
_zINDIA
942 _cBK
999 _c4008
_d4008